Healing Emotions (Record no. 302213)

MARC details
000 -LEADER
fixed length control field 00392nam a2200157Ia 4500
008 - FIXED-LENGTH DATA ELEMENTS--GENERAL INFORMATION
fixed length control field 230718s9999 xx 000 0 und d
041 ## - LANGUAGE CODE
Language code of text/sound track or separate title eng
082 ## - DEWEY DECIMAL CLASSIFICATION NUMBER
Classification number 294.3378321
Item number GOL
100 ## - MAIN ENTRY--PERSONAL NAME
Personal name Goleman D.
9 (RLIN) 106198
245 ## - TITLE STATEMENT
Title Healing Emotions
260 ## - PUBLICATION, DISTRIBUTION, ETC. (IMPRINT)
Date of publication, distribution, etc. 2000
Name of publisher, distributor, etc. Shambhala
300 ## - PHYSICAL DESCRIPTION
Extent 268
365 ## - TRADE PRICE
Currency code Rs.
Price amount 195.00
700 ## - ADDED ENTRY--PERSONAL NAME
Personal name Goleman D.
9 (RLIN) 106198
906 ## - LOCAL DATA ELEMENT F, LDF (RLIN)
d B:173109-Nov-2001
c OTH
b 29.25
Holdings
Withdrawn status Lost status Damaged status Not for loan Home library Current library Date acquired Vendor Budget Code Cost, normal purchase price Bill number Total Checkouts Full call number Barcode Date last seen Date last checked out Discount Cost, replacement price Bill Date Koha item type Original Barcode
        Cummins College of Engineering for Women Pune Cummins College of Engineering for Women Pune 01/10/2001 Technical Book Services OTH 165.75 1731 1 294.3378321 CCEP-BK-13420 07/05/2025 02/05/2025 29.25 195.00 09/11/2001 Books 013420